<?xml version="1.0" encoding="UTF-8"?>
<record
    xmlns:xsi="http://www.w3.org/2001/XMLSchema-instance"
    xsi:schemaLocation="http://www.loc.gov/MARC21/slim http://www.loc.gov/standards/marcxml/schema/MARC21slim.xsd"
    xmlns="http://www.loc.gov/MARC21/slim">

  <leader>02217nam2a2200385   4500</leader>
  <controlfield tag="001">v19\rc\2105732</controlfield>
  <controlfield tag="005">20250620044724.0</controlfield>
  <datafield tag="035" ind1=" " ind2=" ">
    <subfield code="a">(NLR Aleph) 005178435</subfield>
  </datafield>
  <datafield tag="090" ind1=" " ind2=" ">
    <subfield code="a">5117367</subfield>
    <subfield code="c">5117367</subfield>
  </datafield>
  <datafield tag="100" ind1=" " ind2=" ">
    <subfield code="a">20090914d1811    |||y0rusy50      ca</subfield>
  </datafield>
  <datafield tag="101" ind1="0" ind2=" ">
    <subfield code="a">rus</subfield>
  </datafield>
  <datafield tag="102" ind1=" " ind2=" ">
    <subfield code="a">RU</subfield>
  </datafield>
  <datafield tag="135" ind1=" " ind2=" ">
    <subfield code="a">crcn 024anaba</subfield>
  </datafield>
  <datafield tag="140" ind1=" " ind2=" ">
    <subfield code="a">y   y    da        yaa0000  </subfield>
  </datafield>
  <datafield tag="200" ind1="1" ind2=" ">
    <subfield code="a">&#x41E; &#x441;&#x442;&#x440;&#x43E;&#x435;&#x432;&#x43E;&#x439; &#x441;&#x43B;&#x443;&#x436;&#x431;&#x435;</subfield>
  </datafield>
  <datafield tag="210" ind1=" " ind2=" ">
    <subfield code="d">1811</subfield>
    <subfield code="a">&#x411;. &#x43C;.</subfield>
  </datafield>
  <datafield tag="215" ind1=" " ind2=" ">
    <subfield code="a">[2], 212, IV &#x441;.</subfield>
  </datafield>
  <datafield tag="316" ind1=" " ind2=" ">
    <subfield code="a">&#x42D;&#x43A;&#x437;. &#x420;&#x41D;&#x411; (18.66.5.63) &#x432; &#x441;&#x43E;&#x441;&#x442;&#x430;&#x432;&#x43D;&#x43E;&#x43C; &#x43A;&#x430;&#x440;&#x442;&#x43E;&#x43D;&#x43D;&#x43E;&#x43C; &#x43F;&#x435;&#x440;., &#x43E;&#x431;&#x442;&#x44F;&#x43D;&#x443;&#x442;&#x43E;&#x43C; "&#x43C;&#x440;&#x430;&#x43C;&#x43E;&#x440;&#x43D;&#x43E;&#x439;" &#x431;&#x443;&#x43C;&#x430;&#x433;&#x43E;&#x439;, &#x441; &#x43A;&#x43E;&#x436;&#x430;&#x43D;&#x44B;&#x43C;&#x438; &#x43A;&#x43E;&#x440;&#x438;&#x447;&#x43D;&#x435;&#x432;&#x44B;&#x43C;&#x438; &#x43A;&#x43E;&#x440;&#x435;&#x448;&#x43A;&#x43E;&#x43C; &#x438; &#x443;&#x433;&#x43E;&#x43B;&#x43A;&#x430;&#x43C;&#x438;. &#x41A;&#x43E;&#x440;&#x435;&#x448;&#x43E;&#x43A; &#x433;&#x43B;&#x430;&#x434;&#x43A;&#x438;&#x439;, &#x441; &#x437;&#x43E;&#x43B;&#x43E;&#x442;&#x44B;&#x43C; &#x442;&#x438;&#x441;&#x43D;&#x435;&#x43D;&#x438;&#x435;&#x43C; (&#x43F;&#x43E;&#x447;&#x442;&#x438; &#x43F;&#x43E;&#x43B;&#x43D;&#x43E;&#x441;&#x442;&#x44C;&#x44E; &#x443;&#x442;&#x440;&#x430;&#x447;&#x435;&#x43D;). &#x41D;&#x430; &#x43D;&#x438;&#x436;&#x43D;&#x435;&#x439; &#x43A;&#x440;&#x44B;&#x448;&#x43A;&#x435; &#x43F;&#x435;&#x440;. &#x44D;&#x43A;&#x441;&#x43B;&#x438;&#x431;&#x440;&#x438;&#x441; &#x440;&#x443;&#x441;. &#x444;&#x43E;&#x43D;&#x434;&#x430; &#x413;&#x41F;&#x411; &#x441; &#x448;&#x438;&#x444;&#x440;&#x43E;&#x43C;. &#x41D;&#x430; &#x444;&#x43E;&#x440;&#x437;&#x430;&#x446;&#x435; &#x44F;&#x440;&#x43B;&#x44B;&#x43A; &#x441; &#x448;&#x438;&#x444;&#x440;&#x43E;&#x43C; &#x420;&#x41D;&#x411;. &#x41D;&#x430; &#x442;&#x438;&#x442;. &#x43B;., &#x441;.33, 212 &#x438; IV &#x43A;&#x440;&#x443;&#x433;&#x43B;&#x44B;&#x439; &#x448;&#x442;&#x430;&#x43C;&#x43F; &#x413;&#x41F;&#x411;. &#x420;&#x430;&#x437;&#x43C;&#x435;&#x440;: 20,3&#x445;13&#x445;2,2 &#x441;&#x43C;</subfield>
    <subfield code="5">NLR: 18.66.5.63</subfield>
  </datafield>
  <datafield tag="325" ind1=" " ind2=" ">
    <subfield code="a">&#x41A;&#x43E;&#x43F;&#x438;&#x44F; &#x434;&#x43E;&#x441;&#x442;&#x443;&#x43F;&#x43D;&#x430; &#x432; &#x42D;&#x43B;&#x435;&#x43A;&#x442;&#x440;&#x43E;&#x43D;. &#x431;-&#x43A;&#x435; &#x420;&#x41D;&#x411;</subfield>
  </datafield>
  <datafield tag="461" ind1=" " ind2="0">
    <subfield code="1">001v19\rc\2105731</subfield>
    <subfield code="1">2001#$a&#x412;&#x43E;&#x438;&#x43D;&#x441;&#x43A;&#x43E;&#x439; &#x443;&#x441;&#x442;&#x430;&#x432; &#x43E; &#x43F;&#x435;&#x445;&#x43E;&#x442;&#x43D;&#x43E;&#x439; &#x441;&#x43B;&#x443;&#x436;&#x431;&#x435;$v&#x427;. 1</subfield>
    <subfield code="9">5117362</subfield>
    <subfield code="c">&#x412; &#x421;. &#x41F;&#x435;&#x442;&#x435;&#x440;&#x431;&#x443;&#x440;&#x433;&#x435;</subfield>
    <subfield code="d">1811</subfield>
    <subfield code="n">&#x43F;&#x435;&#x447;&#x430;&#x442;&#x430;&#x43D;&#x43E; &#x432; &#x442;&#x438;&#x43F;&#x43E;&#x433;&#x440;&#x430;&#x444;&#x438;&#x438; &#x423;&#x447;&#x435;&#x43D;&#x430;&#x433;&#x43E; &#x43A;&#x43E;&#x43C;&#x438;&#x442;&#x435;&#x442;&#x430; &#x43F;&#x43E; &#x430;&#x440;&#x442;&#x438;&#x43B;&#x43B;&#x435;&#x440;&#x438;&#x439;&#x441;&#x43A;&#x43E;&#x439; &#x447;&#x430;&#x441;&#x442;&#x438;</subfield>
    <subfield code="t">&#x412;&#x43E;&#x438;&#x43D;&#x441;&#x43A;&#x43E;&#x439; &#x443;&#x441;&#x442;&#x430;&#x432; &#x43E; &#x43F;&#x435;&#x445;&#x43E;&#x442;&#x43D;&#x43E;&#x439; &#x441;&#x43B;&#x443;&#x436;&#x431;&#x435;</subfield>
    <subfield code="v">&#x427;. 1</subfield>
  </datafield>
  <datafield tag="801" ind1=" " ind2="0">
    <subfield code="a">RU</subfield>
    <subfield code="b">NLR</subfield>
    <subfield code="g">psbo</subfield>
  </datafield>
  <datafield tag="801" ind1=" " ind2="1">
    <subfield code="a">RU</subfield>
    <subfield code="b">ProSoft-M</subfield>
    <subfield code="2">rusmarc</subfield>
  </datafield>
  <datafield tag="801" ind1=" " ind2="2">
    <subfield code="a">RU</subfield>
    <subfield code="b">NLR</subfield>
    <subfield code="c">20150514</subfield>
    <subfield code="2">rusmarc</subfield>
  </datafield>
  <datafield tag="852" ind1=" " ind2=" ">
    <subfield code="a">NLR</subfield>
    <subfield code="j">18.66.5.63</subfield>
  </datafield>
  <datafield tag="942" ind1=" " ind2=" ">
    <subfield code="c">BOOK</subfield>
  </datafield>
  <datafield tag="980" ind1=" " ind2=" ">
    <subfield code="a">NB</subfield>
  </datafield>
  <datafield tag="980" ind1="3" ind2=" ">
    <subfield code="a">kpcivil2020</subfield>
  </datafield>
  <datafield tag="980" ind1="3" ind2=" ">
    <subfield code="a">kp2020</subfield>
  </datafield>
  <datafield tag="980" ind1="3" ind2=" ">
    <subfield code="a">kp</subfield>
  </datafield>
  <datafield tag="981" ind1="2" ind2="2">
    <subfield code="a">(22) &#x41C;&#x430;&#x442;&#x435;&#x440;&#x438;&#x430;&#x43B;&#x44B; &#x43F;&#x43E; &#x438;&#x441;&#x442;&#x43E;&#x440;&#x438;&#x438; &#x420;&#x43E;&#x441;&#x441;&#x438;&#x438;</subfield>
    <subfield code="b">(22) &#x412;&#x43E;&#x435;&#x43D;&#x43D;&#x43E;&#x435; &#x434;&#x435;&#x43B;&#x43E;</subfield>
  </datafield>
  <datafield tag="981" ind1="2" ind2="0">
    <subfield code="a">(20) &#x41A;&#x43D;&#x438;&#x436;&#x43D;&#x44B;&#x435; &#x43F;&#x430;&#x43C;&#x44F;&#x442;&#x43D;&#x438;&#x43A;&#x438; &#x420;&#x41D;&#x411;</subfield>
    <subfield code="b">(20) &#x420;&#x443;&#x441;&#x441;&#x43A;&#x438;&#x439; &#x43A;&#x43D;&#x438;&#x436;&#x43D;&#x44B;&#x439; &#x444;&#x43E;&#x43D;&#x434;</subfield>
  </datafield>
  <datafield tag="995" ind1=" " ind2=" ">
    <subfield code="5">2013-10-26</subfield>
    <subfield code="b">NLR02</subfield>
    <subfield code="c">NLR02</subfield>
    <subfield code="e">RFS</subfield>
    <subfield code="f">5178435-10</subfield>
    <subfield code="k">18.66.5.63</subfield>
    <subfield code="o">0</subfield>
    <subfield code="r">BOOK</subfield>
    <subfield code="s">1866563_</subfield>
  </datafield>
</record>
